| 000 | 00000nam 2200000za 4500 |
| 001 | 9.846637 |
| 003 | CaOODSP |
| 005 | 20241203113640 |
| 007 | cr ||||||||||| |
| 008 | 171106s1997 onca|||fo f000 0 eng d |
| 040 | |aCaOODSP|beng |
| 041 | |aeng|bfre |
| 043 | |an-cn-on |
| 086 | 1 |aEn13-5/97-126E-PDF |
| 245 | 00|aPreliminary characterization of fracturing at the site of the Chalk River Laboratories |h[electronic resource] / |cby A. Piggott ... [et al.]. |
| 260 | |aBurlington, Ont. : |bEnvironment Canada, Water Science and Technology Directorate,|c[1997]. |
| 300 | |a[11] p. : |bill. |
| 490 | 1 |aNWRI contribution ; |v97-126 |
| 500 | |aCover title. |
| 500 | |aDigitized edition from print [produced by Environment and Climate Change Canada]. |
| 504 | |aIncludes bibliographical references. |
| 520 | 3 |a"‘A three-dimensional conceptual model of fracture system geometry based on a uniform and isotropic distribution of disc-shaped fractures and a fractal relation between the frequency and dimension of the fractures is developed for the site of the Chalk River Laboratories of Atomic Energy of Canada Limited. The model is applied to site and outcrop scale fracture trace length data and is consistent with the data for trace lengths in the range of 1 to 1000 m. Probabilistic results derived from the model confirm he accuracy of the plotting and interpretation of the in situ data and illustrate the three-dimensional form of the estimated fracture system"--Abstract. |
| 546 | |aIncludes abstract in French. |
| 692 | 07|2gccst|aRadioactive waste |
| 692 | 07|2gccst|aEnvironmental management |
| 692 | 07|2gccst|aModelling |
| 700 | 1 |aPiggott, Andrew R. |q(Andrew Robert) |
| 710 | 1 |aCanada. |bEnvironment Canada. |
| 710 | 2 |aNational Water Research Institute (Canada) |
| 830 | #0|aNWRI contribution ;|vno. 97-126|w(CaOODSP)9.844121 |
| 856 | 40|qPDF|s866 KB|uhttps://publications.gc.ca/collections/collection_2017/eccc/En13-5-97-126-eng.pdf |